000 00194 a2200097 4500
020 _a9788413182155
041 _aspa
100 _aBlue, Beatrice
245 _aErase un vez Un Dragon
942 _cBK
999 _c26919
_d26919